| 000 | 01263nam a2200325 i 4500 | ||
|---|---|---|---|
| 001 | bg | ||
| 003 | BPK | ||
| 005 | 20240410062859.0 | ||
| 008 | 001212s1999 pl f |001 0 pol | ||
| 020 | _a8370068839 | ||
| 040 | _cBPK | ||
| 041 | 1 |
_apol _heng |
|
| 080 | _a94(4) | ||
| 100 | 1 |
_aDavies, Norman _d(1939- ) _eAutor |
|
| 245 | 1 | 0 |
_aEuropa : _brozprawa historyka z historią / _cNorman Davies ; przekł. [z ang.] Elżbieta Tabakowska ; [dodatki tł. Rafał Śmietana ; oprac. Dodatku III Józef Kozak, Daniel Malak]. |
| 246 | 1 |
_iTyt. oryg.: _aEurope : _b a history |
|
| 250 | _a[Wyd.1, dodruk]. | ||
| 260 |
_aKraków : _b"Znak", _c1999. |
||
| 300 |
_a1406, [2] s., [32] s. il. : _bfaks., mapy, nuty, pl., rys. wykr. ; _c24 cm. |
||
| 500 | _aOryg. : "Europe : a history" 1996. | ||
| 504 | _aIndeksy. | ||
| 651 | 4 |
_aEuropa _xhistoria. |
|
| 700 | 1 |
_aŚmietana, Rafał. _eTł. |
|
| 700 | 1 |
_aKozak, Józef _d(1935- ). _eOprac. |
|
| 700 | 1 |
_aMalak, Daniel. _eOprac. |
|
| 710 | 2 |
_aSpołeczny Instytut Wydawniczy Znak _4pbl. |
|
| 700 | 1 |
_aTabakowska, Elżbieta _d(1942- ) _eTłumaczenie |
|
| 856 |
_uhttp://koha.tu.koszalin.pl/cgi-bin/koha/opac-detail.pl?biblionumber=34639 _yKatalog online BPK |
||
| 942 |
_cKS _2UKD |
||
| 999 |
_c34639 _d34639 |
||